| 000 | 00537nam a22001817a 4500 | ||
|---|---|---|---|
| 005 | 20251108163337.0 | ||
| 008 | 250721s1979 xx 000 0 ara d | ||
| 082 | 1 | 4 | _a171/كرى |
| 100 | 1 | _aاندريه، كريسون | |
| 245 | 1 | 0 | _aالمشكلة الأخلاقية و الفلاسفة / |
| 264 | 1 |
_aالقاهرة : _bدار الشعب، _c1979. |
|
| 300 | _a319ص | ||
| 650 | 1 | 7 | _aالأخلاق |
| 700 | 1 |
_aمحمود، عبد الحليم _eترجمة |
|
| 700 | 1 | _aذكرى، أبو بكر | |
| 942 |
_2ddc _cBK |
||
| 999 |
_c310 _d310 |
||